00616nam a2200157 a 450000100100000000500170001000800410002704000250006808200150009310000410010824500490014926000360019830000200023495201870025499900170044100003349920240226131943.0110830s1926 dr 000 0 spa d aDO-SdBNPbspacBNPHU axxxbA948c1 aAvelino, Andrés,d1900-197493187510aCantos a mi muerta viva /cAndrés Avelino. aSanto Domingo :aLa voz,c1926. a30 p. ;c17 cm. 001050718RVaPDbPDcCTd2011-08-30iLF1l0oxxx A948cp33499-10r2020-06-25w2020-06-25y1zPerteneció a la biblioteca personal de Federico Henríquez y CarvajalZNo se presta c32990d32990